| 000 | 00878cam a22002777a 4500 | ||
|---|---|---|---|
| 999 |
_c329889 _d329889 |
||
| 001 | 14945428 | ||
| 003 | NUST | ||
| 005 | 20170614135853.0 | ||
| 008 | 070730s2007 pk 000 1 urd | ||
| 010 | _a 2007377888 | ||
| 020 | _a9789693519983 | ||
| 020 | _a9693519981 | ||
| 025 | _aP-U-2007377888; 10; 11 | ||
| 040 |
_aDLC _cDLC _dDLC |
||
| 042 | _alcode | ||
| 050 | 0 | 0 | _aMLCSA 2007/01548 (P) |
| 082 |
_a891.4392 _bQUD |
||
| 100 | 0 |
_aBāno Qudsiyah, _d1928-2017. _91163 |
|
| 245 | 1 | 0 |
_aChotā shahr baṛe log : _bḍrāme / _cBāno Qudsiyah. |
| 246 | 1 |
_iTitle on t.p. verso, CIP data: _aChotta shehar baray log |
|
| 260 |
_aLāhore : _bSang-i Mīl Pablīkeshanz, _c2007. |
||
| 300 |
_a360 p. ; _c21 cm. |
||
| 500 | _aPlays. | ||
| 546 | _aIn Urdu. | ||
| 650 |
_aUrdu Literature _vDarama _91491 |
||
| 880 |
_aچھوٹا شہر بڑے لوگ _6245-02\(3\r _cبانو قدسیہ |
||
| 880 |
_aبانو قدسیہ _6100-01\(3\r |
||
| 880 |
_aلاہور: _6260-03\(3\r _bسنگ میل پبلی کیشنز، _c2007 |
||
| 906 |
_a7 _bcbc _corigode _d4 _encip _f20 _gy-gencatlg |
||
| 942 |
_2ddc _cBK |
||